Goodbye greenwash? (Record no. 80804)

MARC details
000 -LEADER
fixed length control field 01262cab a22002415a 4500
001 - CONTROL NUMBER
control field L145418
008 - FIXED-LENGTH DATA ELEMENTS--GENERAL INFORMATION
fixed length control field 081006s2008 xxkd f 000 0 eng d
035 ## - SYSTEM CONTROL NUMBER
System control number (Sirsi) u145418
041 0# - LANGUAGE CODE
Language code of text/sound track or separate title eng
100 1# - MAIN ENTRY--PERSONAL NAME
Personal name Falconer, Heather
245 00 - TITLE STATEMENT
Title Goodbye greenwash?
260 ## - PUBLICATION, DISTRIBUTION, ETC.
Date of publication, distribution, etc. 2008
490 ## - SERIES STATEMENT
Series statement Facilities Management
Volume/sequential designation 15 (12) September 2008, 15-17 (3)
520 ## - SUMMARY, ETC.
Summary, etc. Develops how to improve the sustainability of UK current buildings. Shows that their energy efficiency requires in-depth analysis and specific measures. Suggests that they should include systematically measuring energy performance of current buildings, educating landlords as well as introducing fiscal and regulatory incentives. Concludes that before any important expenditure, maintenance and check of efficiency of current building services such as cooling and heating plant are necessary. Liste the Urban Development Group's recommandations.
590 ## - LOCAL NOTE (RLIN)
Local note KA
650 24 - SUBJECT ADDED ENTRY--TOPICAL TERM
Topical term or geographic name entry element ENERGY PERFORMANCE CERTIFICATES
650 24 - SUBJECT ADDED ENTRY--TOPICAL TERM
Topical term or geographic name entry element DISPLAY ENERGY CERTIFICATE
650 24 - SUBJECT ADDED ENTRY--TOPICAL TERM
Topical term or geographic name entry element ENHANCED CAPITAL ALLOWANCE SCHEME
651 #4 - SUBJECT ADDED ENTRY--GEOGRAPHIC NAME
Geographic name United Kingdom
Chronological subdivision
690 ## - LOCAL SUBJECT ADDED ENTRY--TOPICAL TERM (OCLC, RLIN)
Topical term or geographic name as entry element BUILT ENVIRONMENT-SUSTAINABLE CONSTRUCTION
690 ## - LOCAL SUBJECT ADDED ENTRY--TOPICAL TERM (OCLC, RLIN)
Topical term or geographic name as entry element ENVIRONMENTAL AND LAND CONSULTANCY-ENERGY-ENERGY USE-ENERGY EFFICIENCY
942 ## - ADDED ENTRY ELEMENTS (KOHA)
Suppress in OPAC 0
Holdings
Withdrawn status Lost status Source of classification or shelving scheme Damaged status Not for loan Home library Current library Shelving location Date acquired Total Checkouts Full call number Barcode Date last seen Copy number Price effective from Koha item type
    Dewey Decimal Classification     London London Journal article 06/10/2008   L145418 145418-1001 06/08/2019 1 06/08/2019 Journal article